Вып. 23 : Химия редких элементов (V, Nb, Ta, Ti, Ga); Труды Института химии

Xehetasun bibliografikoak
Parent link:Труды Института химии: [сборник трудов]/ Академия наук СССР (АН СССР), Уральский филиал (УФ), Институт химии. Вып. 23 : Химия редких элементов (V, Nb, Ta, Ti, Ga).— , 1958-
Beste egile batzuk: Ивакин А. А. (редактор)
Hizkuntza:errusiera
Argitaratua: 1971
Gaiak:
Formatua: MixedMaterials Liburua
KOHA link:https://koha.lib.tpu.ru/cgi-bin/koha/opac-detail.pl?biblionumber=350973

MARC

LEADER 00000nam2a2200000 4500
001 350973
005 20231102010346.0
035 |a (RuTPU)RU\TPU\retro\5372 
035 |a RU\TPU\retro\5249 
090 |a 350973 
100 |a 20190318d1971 k y0rusy50 ca 
101 0 |a rus 
102 |a RU 
105 |a a z 001zy 
200 0 |a Вып. 23 : Химия редких элементов (V, Nb, Ta, Ti, Ga)  |f отв. ред. А. А. Ивакин 
210 |d 1971 
215 |a 146 с.  |c ил. 
320 |a Библиогр. в конце ст. 
461 1 |0 (RuTPU)RU\TPU\retro\5248  |t Труды Института химии  |o [сборник трудов]  |f Академия наук СССР (АН СССР), Уральский филиал (УФ), Институт химии  |v Вып. 23 : Химия редких элементов (V, Nb, Ta, Ti, Ga)  |d 1958-  
606 1 |a Редкие элементы  |x Химия  |2 stltpush  |3 (RuTPU)RU\TPU\subj\74971  |9 86880 
610 1 |a химические связи 
610 1 |a теплоемкость 
610 1 |a энтропия 
610 1 |a инфракрасные спектры 
610 1 |a электропроводность 
610 1 |a спектральные характеристики 
610 1 |a люминесценция 
675 |a 546.2/.9-022.251  |v 4 
702 1 |a Ивакин  |b А. А.  |4 340 
801 1 |a RU  |b 63413507  |c 20190313 
801 2 |a RU  |b 63413507  |c 20190318  |g RCR 
942 |c BK